<?xml version="1.0" encoding="utf-8"?>
<?xml-stylesheet type='text/xsl' href='./oai2.xsl'?>
<OAI-PMH xmlns="http://www.openarchives.org/OAI/2.0/" xmlns:xsi="http://www.w3.org/2001/XMLSchema-instance" xsi:schemaLocation="http://www.openarchives.org/OAI/2.0/ http://www.openarchives.org/OAI/2.0/OAI-PMH.xsd">
  <responseDate>2026-04-29T07:33:52Z</responseDate>
  <request verb="GetRecord" metadataPrefix="marcxml" identifier="record_kuniweb_2742385">https://kulturerbe.niedersachsen.de/oai</request>
  <GetRecord>
    <record>
      <header>
        <identifier>record_kuniweb_2742385</identifier>
        <datestamp>2026-03-31T19:09:18Z</datestamp>
        <setSpec>slg0184</setSpec>
      </header>
      <metadata>
        <marc:record xmlns:marc="http://www.loc.gov/MARC21/slim" xsi:schemaLocation="http://www.loc.gov/MARC21/slim http://www.loc.gov/standards/marcxml/schema/MARC21slim.xsd">
          <marc:leader>12345nkm  22     uu 4500</marc:leader>
          <marc:controlfield tag="001">2742385</marc:controlfield>
          <marc:controlfield tag="003">http://kuniweb.gbv.de</marc:controlfield>
          <marc:controlfield tag="005">2026-03-13T10:33:37</marc:controlfield>
          <marc:controlfield tag="008">|           ||||||||||||||||||||||</marc:controlfield>
          <marc:datafield tag="245" ind1="1" ind2="0">
            <marc:subfield code="a">"Blick auf einen Hafen in Murano" - Blatt 13/27 aus dem Skizzenbuch "Venise"</marc:subfield>
          </marc:datafield>
          <marc:datafield tag="720" ind1=" " ind2=" ">
            <marc:subfield code="a">Paul Eliasberg</marc:subfield>
          </marc:datafield>
          <marc:datafield tag="655" ind1=" " ind2="7">
            <marc:subfield code="a">Grafik</marc:subfield>
          </marc:datafield>
          <marc:datafield tag="046" ind1=" " ind2=" ">
            <marc:subfield code="k">1967</marc:subfield>
            <marc:subfield code="k">1967</marc:subfield>
          </marc:datafield>
          <marc:datafield tag="260" ind1=" " ind2=" ">
            <marc:subfield code="g">1967</marc:subfield>
            <marc:subfield code="g">1967</marc:subfield>
          </marc:datafield>
          <marc:datafield tag="300" ind1=" " ind2=" ">
            <marc:subfield code="a">Höhe: 371 mm (Blatt)
Breite: 270 mm (Blatt)</marc:subfield>
          </marc:datafield>
          <marc:datafield tag="520" ind1=" " ind2=" ">
            <marc:subfield code="a">Eliasberg hat das Meer als Inspirationsquelle stets gesucht: an der französischen Küste, aber auch auf den griechischen Inseln, die er zwischen 1957 und 1982 kontinuierlich bereiste (vgl. Ausst. Kat. Bayreuth 2017, S. 8-9). Die starke Anziehungskraft Griechenlands auf Eliasberg wird auch in seinem Satz „Ich habe griechische Inseln gesammelt“ deutlich. Aber nicht nur Frankreich und Griechenland wurden zu Sehnsuchtsorten für den Künstler, auch die Lagunenstadt Venedig war mit ihrem morbiden Charme, den Kanälen und alten Palazzi ein wichtiges Motiv für Eliasberg. Ansichten der Kirche San Giorgio Maggiore oder ein Blick über die Kuppeln der Markuskirche zeugen davon. Die mit rotem Federstift ausgeführten Zeichnungen stammen aus dem venezianischen Skizzenbuch, das 1967 entstand. Ein Vergleich zwischen der Zeichnung „Blick über San Marco“ und der Radierung „Blick auf die Lagune II“ unterstreicht, dass Eliasbergs Zeichnungen wohl direkt zur Vorbereitung der Radierungen dienten. Die Radierung war für den Künstler eine Fortführung der stark auf die Linie konzentrierten Zeichnungen. (Städtisches Museum Braunschweig, Text: Lars Berg)

Aufschrift:
Bezeichnet, oben rechts, mit Feder in Rot: "Murano"

Veröffentlicht in:
L. Berg, P. Joch, und P. Eliasberg, „Paul Eliasberg Verzauberte Räume“. Michael Imhof Verlag, Petersberg, 2025. (S. 105, Kat. Nr. 67 (Abb.); S. 138, Kat. Nr. 67.)

Veröffentlicht in:
P. Eliasberg, „Venezianisches Skizzenbuch“. Rathenau [u.a.], New York, 1969. (o. P.)</marc:subfield>
          </marc:datafield>
          <marc:datafield tag="650" ind1="1" ind2=" ">
            <marc:subfield code="a">Hafen</marc:subfield>
          </marc:datafield>
          <marc:datafield tag="650" ind1="1" ind2=" ">
            <marc:subfield code="a">Kanal</marc:subfield>
          </marc:datafield>
          <marc:datafield tag="650" ind1="1" ind2=" ">
            <marc:subfield code="a">Gondel</marc:subfield>
          </marc:datafield>
          <marc:datafield tag="650" ind1="1" ind2=" ">
            <marc:subfield code="a">Boot</marc:subfield>
          </marc:datafield>
          <marc:datafield tag="650" ind1="1" ind2=" ">
            <marc:subfield code="a">Lagune</marc:subfield>
          </marc:datafield>
          <marc:datafield tag="650" ind1="1" ind2=" ">
            <marc:subfield code="a">Grafik, Fotografie &gt; Zeichnung &gt; Federzeichnung</marc:subfield>
          </marc:datafield>
          <marc:datafield tag="650" ind1="1" ind2=" ">
            <marc:subfield code="a">Druckwesen, Schriftwesen &gt; Album, Buch, Heft, Katalog &gt; Buch</marc:subfield>
          </marc:datafield>
          <marc:datafield tag="650" ind1="1" ind2=" ">
            <marc:subfield code="a">Zeichnung/Grafik</marc:subfield>
          </marc:datafield>
          <marc:datafield tag="650" ind1="1" ind2=" ">
            <marc:subfield code="a">Murano</marc:subfield>
          </marc:datafield>
          <marc:datafield tag="773" ind1="0" ind2=" ">
            <marc:subfield code="t">Sammlung Grafik</marc:subfield>
          </marc:datafield>
          <marc:datafield tag="852" ind1=" " ind2=" ">
            <marc:subfield code="a">Städtisches Museum Braunschweig</marc:subfield>
          </marc:datafield>
          <marc:datafield tag="" ind1=" " ind2=" ">
            <marc:subfield code="a">Urheberrechtsschutz (InC)</marc:subfield>
          </marc:datafield>
        </marc:record>
      </metadata>
    </record>
  </GetRecord>
</OAI-PMH>
